000 00446nam a2200157Ia 4500
008 210716s2014 xx 000 0 und d
020 _a9788184950151
041 _aeng
082 _a658.3124 TRUS
100 _aTruelove, Steve.
245 _aTraining and development: theory and practice.
_bTheory and practice.
250 _a1
260 _aNew Delhi
_bJaico Publishing House
_c2014
300 _axvii,227
650 _aTraining & Development
999 _c208629
_d208629